000 00536nam a2200229Ia 4500
003 OSt
005 20220923115100.0
008 210210b1998 xxu||||| |||| 00| 0 eng d
020 _a0074621017
040 _cAL
041 _aEnglish
082 _a576.163 FRAF
100 _aFRAZIER (William C)
_958308
245 _aFood microbiology
250 _a4
260 _aNew Delhi.
_bT M H
_c1998
300 _axvi,539
690 _aMicrobiolog
_958309
700 _aWESTHOFF (Dennis C)
_958310
906 _a05466
942 _2ddc
_cBK
999 _c102039
_d102039